| 000 | 00000nam##2200000za#4500 |
| 001 | 9.626979 |
| 003 | CaOODSP |
| 005 | 20210615104844 |
| 007 | ta |
| 008 | 150406|2005||||xxc||||| f|0| 0 fre|d |
| 020 | |a0-662-74564-7 |
| 040 | |aCaOODSP|bfre |
| 043 | |an-cn--- |
| 086 | 1 |aNH18-26/1-2005F |
| 110 | 2 |aSociété canadienne d'hypothèques et de logement. |
| 245 | 10|aComprendre les activités d'investissement dans le logement locatif privé au Canada |
| 260 | |bSociété canadienne d'hypothèques et de logement |c2005, c1999. |
| 300 | |ax, 124p. : |bgraphiques, références, tableaux ; |c28 cm. |
| 490 | 1 |aRapport de recherche. Série sur le logement abordable et le financement de l'habitation |
| 520 | 3 |aVoici les grands objectifs de la présente étude : examiner la nature et l’ampleur de l’investissement dans le logement locatif privé au Canada; dresser le profil des investisseurs dans le domaine du logement locatif privé; comprendre de manière approfondie les facteurs dont tiennent compte les investisseurs et le prêteurs dans leur prise de décision. Le but central de la recherche est de constituer une assise solide sur laquelle les décideurs des secteurs public et privé pourront se fonder pour intervenir d’une manière éclairée. |
| 563 | |aReliure à spirale |
| 590 | |a07-33|b2007-08-17 |
| 691 | 07|aLogement|2gcpds |
| 691 | 07|aInvestissement privé|2gcpds |
| 691 | 07|aLocation|2gcpds |
| 710 | 2 |aFish Marks Jenkins Real Estate Consulting. |
| 710 | 2 |aClayton Research Associates. |
| 775 | 08|tUnderstanding private rental housing investment in Canada |w(CaOODSP)9.617443 |
| 776 | 0#|tComprendre les activités d'investissement dans le logement locatif privé au Canada / |w(CaOODSP)9.592277 |
| 830 | #0|aRapport de recherche. Série sur le logement abordable et le financement de l'habitation.|w(CaOODSP)9.513168 |